000 00383nam a2200145 a 4500
008 030110s1957||||xx 0 und c
040 _aSNK
_bslo
_cSNK
_eAACR2
100 1 _aRolland, Romain
245 1 0 _aHudobníci minulosti
260 _aBratislava
_bSlovenské vydavateľstvo krásnej literatúry
_c1957
300 _a299 s.
020 _c19,30
044 _axo
_cSK
041 _aslo
999 _c15208
_d15208